| 000 | 00338nam a2200121Ia 4500 | ||
|---|---|---|---|
| 008 | 210430s9999 xx 000 0 und d | ||
| 082 | _a620.11 K451A | ||
| 100 |
_aAnwar ul Haq _914982 |
||
| 245 |
_aAdvanced Materials 95 _cAnwar ul Haq |
||
| 260 |
_aPakistan _bA.Q.Khan Research Laboratoried _c1996 |
||
| 300 | _a697p. | ||
| 942 |
_cBK _2ddc |
||
| 999 |
_c565545 _d565545 |
||